| 000 | 00825nas a2200265 4500 | ||
|---|---|---|---|
| 001 | BR0801075 | ||
| 003 | BR-BrBNA | ||
| 005 | 20231205111630.0 | ||
| 007 | ta | ||
| 008 | 230509b bl.|||p| |||| 00| 00por d | ||
| 040 |
_aBR-BrBNA _bpor _cBiblioteca Nacional de Agricultura |
||
| 041 | _a(Pt) | ||
| 072 | _aL20 | ||
| 100 | 1 | _aAraújo, M.S. | |
| 100 | 1 | _aLucia, T.M.C. | |
| 100 | 1 | _aNunes, A.J.M. | |
| 245 | 1 | _aCaracterização de ninhos e atividades forragedora de Trachymyrmex fuscus Emery (Hymenoptera, Formicidae)em plantio de eucalipto | |
| 650 | _aFORMIGA | ||
| 650 | _aHABITAT | ||
| 650 | _aNINHO | ||
| 650 | _aEUCALIPTO | ||
| 773 | 0 |
_tRevista Brasileira de Zoologia (Brazil) _xISSN 0101-8175 _g(Jun 2002), v. 19(2) p. 420-427 _wBR0801075 |
|
| 909 |
_a202311 _bLúcia _c55 _dLúcia Elande |
||
| 942 |
_2AGRIS _n0 _cANA |
||
| 999 |
_c193646 _d193646 |
||